Counterfeits / Art Baltazar & Franco, writers ; Dario Brizuela, illustrator ; Gabe Eltaeb & Dario Brizuela, colorist ; Saida Abbott, letterer.
Green Lanterns Hal Jordan and Kilowog have captured Razor, who has been manipulated by the Red Lanterns into performing evil deeds.
Record details
- ISBN: 9781434255662 (library binding)
- ISBN: 1434255662 (library binding)
- Physical Description: 24 pages : color illustrations ; 27 cm.
- Publisher: North Mankato, MN : Stone Arch Books, 2013.
Content descriptions
| General Note: | "A Capstone imprint"--T.p. verso. "DC Nation"--Cover. |
| Target Audience Note: | 007-011. RL: 3.8. GRL: O. |
Search for related items by subject
| Genre: | Graphic novels. |
Search for related items by series
Available copies
- 1 of 1 copy available at scottsboropl.
Holds
- 0 current holds with 1 total copy.
Show Only Available Copies
| Location | Call Number / Copy Notes | Barcode | Shelving Location | Status | Due Date |
|---|---|---|---|---|---|
| scottsboropl | J GN Gre | 32269000945041 | Juvenile - Graphic Novel | Available | - |
| LDR | 01889nam a2200457 i 4500 | ||
|---|---|---|---|
| 001 | 137313 | ||
| 003 | CONS | ||
| 005 | 20140703073310.0 | ||
| 008 | 130529s2013 mnua b 6 000 1 eng c | ||
| 020 | . | ‡a9781434255662 (library binding) | |
| 020 | . | ‡a1434255662 (library binding) | |
| 035 | . | ‡a(CPomAG)LMN566692 | |
| 050 | 0 | 0. | ‡aPZ7.7.B33 ‡bCou 2013 |
| 082 | 0 | 4. | ‡a741.5/973 ‡223 |
| 100 | 1 | . | ‡aBaltazar, Art, ‡eauthor. |
| 245 | 1 | 0. | ‡aCounterfeits / ‡cArt Baltazar & Franco, writers ; Dario Brizuela, illustrator ; Gabe Eltaeb & Dario Brizuela, colorist ; Saida Abbott, letterer. |
| 264 | 1. | ‡aNorth Mankato, MN : ‡bStone Arch Books, ‡c2013. | |
| 300 | . | ‡a24 pages : ‡bcolor illustrations ; ‡c27 cm. | |
| 336 | . | ‡atext ‡2rdacontent | |
| 337 | . | ‡aunmediated ‡2rdamedia | |
| 338 | . | ‡avolume ‡2rdacarrier | |
| 490 | 1 | . | ‡aGreen Lantern, the animated series |
| 500 | . | ‡a"A Capstone imprint"--T.p. verso. | |
| 500 | . | ‡a"DC Nation"--Cover. | |
| 520 | . | ‡aGreen Lanterns Hal Jordan and Kilowog have captured Razor, who has been manipulated by the Red Lanterns into performing evil deeds. | |
| 521 | 1 | . | ‡a007-011. |
| 521 | 0 | . | ‡aRL: 3.8. |
| 521 | 0 | . | ‡aGRL: O. |
| 650 | 0. | ‡aGreen Lantern (Fictitious character) ‡vComic books, strips, etc. | |
| 650 | 0. | ‡aGreen Lantern (Fictitious character) ‡vJuvenile fiction. | |
| 650 | 0. | ‡aSuperheroes ‡vComic books, strips, etc. | |
| 650 | 0. | ‡aSuperheroes ‡vJuvenile fiction. | |
| 650 | 0. | ‡aSupervillains ‡vComic books, strips, etc. | |
| 650 | 0. | ‡aSupervillains ‡vJuvenile fiction. | |
| 655 | 0. | ‡aGraphic novels. | |
| 700 | 1 | . | ‡aAureliani, Franco, ‡eauthor. |
| 700 | 1 | . | ‡aBrizuela, Dario, ‡eillustrator. |
| 830 | 0. | ‡aGreen Lantern, the animated series (Stone Arch Books) | |
| 914 | . | ‡aSCP_jd | |
| 959 | . | ‡i32269000945041 ‡lJ GN Gre ‡aJuvenile - Graphic Novel ‡tGraphic Novel ‡g16.00 | |
| 852 | . | ‡p32269000945041 ‡jJ GN Gre ‡gJuvenile - Graphic Novel ‡cGraphic Novel ‡y16.00 ‡bSBPL | |
| 901 | . | ‡a137313 ‡bUnknown ‡c137313 ‡tbiblio | |